[Event "13th Tilburg Interpolis it"]
[Site "Tilburg NED"]
[Date "1989.09.15"]
[Round "1"]
[White "Agdestein, Simen"]
[Black "Ljubojevic, Ljubomir"]
[Result "1-0"]
[WhiteElo "2605"]
[BlackElo "2635"]
[EventDate "1989.09.15"]
[PlyCount "103"]

1. d4 d5 2. c4 c6 3. Nf3 Nf6 4. e3 e6 5. Be2 Nbd7 6. O-O b6 7. Bd2 Bb7 8. cxd5
exd5 9. Qa4 a5 10. Nc3 Bd6 11. Bd3 O-O 12. Rfe1 Re8 13. Qc2 g6 14. Rad1 Qc7 15.
h3 Rac8 16. a3 Qb8 17. Ng5 c5 18. Bb5 Re7 19. Qa4 Kg7 20. Re2 Nf8 21. dxc5 Bxc5
22. Qh4 h6 23. Nf3 Ne6 24. e4 g5 25. Nxg5 hxg5 26. Bxg5 Ng8 27. Bxe7 Nxe7 28.
Qg4+ Ng6 29. exd5 Nef4 30. Re4 Rh8 31. Bd7 Rh4 32. Qf3 Rh5 33. Bg4 Rg5 34. h4
Re5 35. h5 f5 36. Bxf5 Rxf5 37. hxg6 Bxf2+ 38. Kxf2 Nh3+ 39. gxh3 Qh2+ 40. Ke3
Rxf3+ 41. Kxf3 Qxh3+ 42. Kf2 Qh2+ 43. Ke3 Qxb2 44. Re7+ Kxg6 45. Rc7 b5 46. Ne4
Ba8 47. Rg1+ Kh6 48. Rh1+ Kg6 49. Rg1+ Kh6 50. Rh1+ Kg6 51. Kf4 Bxd5 52. Rch7
1-0

[Event "13th Tilburg Interpolis it"]
[Site "Tilburg NED"]
[Date "1989.09.25"]
[Round "9"]
[White "Ivanchuk, Vasyl"]
[Black "Kortschnoj, Viktor"]
[Result "0-1"]
[WhiteElo "2660"]
[BlackElo "2655"]
[EventDate "1989.09.15"]
[PlyCount "52"]

1. d4 Nf6 2. c4 e6 3. g3 d5 4. Bg2 dxc4 5. Nf3 Nc6 6. Qa4 Bb4+ 7. Bd2 Nd5 8.
Bxb4 Ndxb4 9. a3 b5 10. Qxb5 Nc2+ 11. Kd2 Nxa1 12. Qxc6+ Bd7 13. Qxc4 c5 14.
Qa2 Qa5+ 15. b4 cxb4 16. Qxa1 Rc8 17. Ne5 Bb5 18. Ke3 Rc2 19. Bf3 O-O 20. a4 f6
21. Nd3 Bc4 22. Nd2 Qg5+ 23. Nf4 e5 24. Nxc4 exf4+ 25. gxf4 Qf5 26. Nd6 Qe6+
0-1